000 00827nam a2200265Ia 4500
003 OSt
005 20220926024743.0
006 a|||||r|||| 00| 0
007 ta
008 220923b |||||||| |||| 00| 0 eng d
020 _a0198284535
037 _cGeneral Book
040 _aRTL
_cRTL
_beng
041 _2eng
_aeng
082 _aX.3.N73<---M56, M2
100 _aMatthews R C C, and others
_9331398
245 0 _aBritish economic growth 1856-1973
260 _aOxford
_bClarendon Press
_c1982
300 _axxiv,712p.
_ccm.
490 _aStudies of economic growth in industrialized countries
500 _aBibliography: P 675-699
650 _aEconomic Conditions Great Britain
_9232317
942 _hX.3.N73<---M56, M2
_cGB
_2CC
999 _c645393
_d645393